| 000 | 00431nam a2200181Ia 4500 | ||
|---|---|---|---|
| 008 | 210210b2010 xxu||||| |||| 00| 0 eng d | ||
| 020 | _a9780143065265 | ||
| 041 | _aeng | ||
| 082 | _a820.43 PENI | ||
| 100 | _aPENGUIN BOOKS | ||
| 245 | _aIndian essentials | ||
| 260 |
_aNew Delhi _bPenguin Books _c2010 |
||
| 300 | _avi,526 | ||
| 650 | _aIndian | ||
| 650 | _aessentials | ||
| 690 | _aIndian English Prose | ||
| 906 | _a064529 | ||
| 999 |
_c141507 _d141507 |
||